00000000nam 2200000zi 4500
0019.945886
003CaOODSP
00520250103072035
006m     o  d f      
007cr mn|||||||||
008241204t20242024quc     ob   f000 0 eng d
020 |a9780660747828
040 |aCaOODSP|beng|erda|cCaOODSP
043 |an-cn-bc|an-us-wa|apn-----
0861 |aEn4-437/2025E-PDF
24500|aCanada - United States cooperation in the Salish Sea : |b2025-2028 action plan.
264 1|a[Gatineau, Quebec] : |b[Environment and Climate Change Canada], |c[2024]
264 4|c©2024
300 |a1 online resource (ii, 8 pages)
336 |atext|btxt|2rdacontent
337 |acomputer|bc|2rdamedia
338 |aonline resource|bcr|2rdacarrier
500 |aIssued also in French under title: Coopération Canada - États-Unis pour la mer des Salish : plan d'action 2025-2028.
500 |a"EC24195"--Page ii.
500 |aIncludes bibliographical references.
650 0|aEnvironmental protection|zSalish Sea (B.C. and Wash.)
650 0|aEnvironmental indicators|zSalish Sea (B.C. and Wash.)
650 0|aMarine ecosystem health|zSalish Sea (B.C. and Wash.)
7101 |aCanada. |bEnvironment and Climate Change Canada, |eissuing body.
7101 |aUnited States. |bEnvironmental Protection Agency, |eissuing body.
77508|tCoopération Canada - États-Unis pour la mer des Salish : |w(CaOODSP)9.945887
795 |tCanada - U.S. cooperation in the Salish Sea : |b(2021-2024)|w(CaOODSP)9.900503
85640|qPDF|s506 KB|uhttps://publications.gc.ca/collections/collection_2024/eccc/en4/En4-437-2025-eng.pdf
986 |aEC24195